[Event "Bankia tt"]
[Site "Bankia"]
[Date "1992.??.??"]
[Round "2"]
[White "Brankov, Krasimir Dimitrov"]
[Black "Peev, Peicho Chonev"]
[Result "0-1"]
[WhiteElo "2315"]
[BlackElo "2380"]
[PlyCount "95"]
[EventDate "1992.??.??"]
[EventType "team"]
[EventRounds "7"]
[EventCountry "BUL"]
[SourceTitle "EXT 1997"]
[Source "ChessBase"]
[SourceDate "1996.11.15"]
[SourceVersion "1"]
[SourceVersionDate "1996.11.15"]
[SourceQuality "1"]

1. d4 Nf6 2. c4 e5 3. dxe5 Ng4 4. Nf3 Bc5 5. e3 Nc6 6. b3 Ngxe5 7. Bb2 d6 8. Be2 0-0 9. 0-0 a5 10. Nc3 Nxf3+ 11. Bxf3 Ne5 12. Ne4 Ba7 13. Ng3 Qh4 14. Bxe5 dxe5 15. Qd5 Qe7 16. Qxa5 f5 17. Kh1 e4 18. Be2 Be6 19. Qe5 Bc5 20. Rfd1 Bd6 21. Qc3 Bc8 22. Qc2 Be5 23. Rab1 Ra6 24. Nf1 Rh6 25. g3 c6 26. b4 g5 27. f4 exf3 28. Bxf3 f4 29. exf4 gxf4 30. g4 Rh3 31. Qg2 Qh4 32. Rb3 Kh8 33. Rbd3 Rxf3 34. Qxf3 Bxg4 35. Qe4 Bg7 36. Qe1 Qh5 37. R1d2 Bf3+ 38. Rxf3 Qxf3+ 39. Rg2 Bc3 40. Qe2 Qxe2 41. Rxe2 Bxb4 42. Rb2 Bc5 43. Nd2 f3 44. Rb3 f2 45. Kg2 Re8 46. Rxb7 Rg8+ 47. Kh3 Rg1 48. Rc7 0-1